000 00587nam a22002297a 4500
001 86900
003 UA-OsUOA
005 20220717213930.0
007 ta
008 20120912b un ||||| |||| 00| 0 ukr d
040 _aUA-OsUOA
_brus
_cUA-OsUOA
_dUA-OsUOA
041 _arus
080 _a94(680)
090 _a94(680)
_bГ 83
100 _aГригорьян Ю.
245 _aГерманский империализм в Латинской Америке (1933-1945)
260 _aМ.
_bНаука
_c1974
300 _a267 с.
650 7 _2UDC
942 _cBK
_2udc
955 _a4
999 _c373088
_d373088